| 000 -LEADER |
| fixed length control field |
01583cam a2200385 i 4500 |
| 001 - CONTROL NUMBER |
| control field |
17335595 |
| 003 - CONTROL NUMBER IDENTIFIER |
| control field |
NUST |
| 005 - DATE AND TIME OF LATEST TRANSACTION |
| control field |
20230118123826.0 |
| 008 - FIXED-LENGTH DATA ELEMENTS--GENERAL INFORMATION |
| fixed length control field |
120606t20132013vauab b 001 0 eng c |
| 010 ## - LIBRARY OF CONGRESS CONTROL NUMBER |
| LC control number |
2012022876 |
| 020 ## - INTERNATIONAL STANDARD BOOK NUMBER |
| International Standard Book Number |
9781565495524 (cloth) |
| 020 ## - INTERNATIONAL STANDARD BOOK NUMBER |
| International Standard Book Number |
9781565495531 (paperback : alkaline paper) |
| 020 ## - INTERNATIONAL STANDARD BOOK NUMBER |
| Canceled/invalid ISBN |
9781565495548 (library networkable e-edition) |
| 020 ## - INTERNATIONAL STANDARD BOOK NUMBER |
| Canceled/invalid ISBN |
9781565495555 (consumer e-edition) |
| 040 ## - CATALOGING SOURCE |
| Original cataloging agency |
ICU/DLC |
| Language of cataloging |
eng |
| Transcribing agency |
ICU |
| Description conventions |
rda |
| Modifying agency |
DLC |
| 042 ## - AUTHENTICATION CODE |
| Authentication code |
pcc |
| 043 ## - GEOGRAPHIC AREA CODE |
| Geographic area code |
a-pk--- |
| 050 00 - LIBRARY OF CONGRESS CALL NUMBER |
| Classification number |
DS389 |
| Item number |
.D48 2013 |
| 082 00 - DEWEY DECIMAL CLASSIFICATION NUMBER |
| Classification number |
338.95491,DEV |
| Edition number |
23 |
| 245 00 - TITLE STATEMENT |
| Title |
Development challenges confronting Pakistan / |
| Statement of responsibility, etc. |
edited by Anita M. Weiss and Saba Gul Khattak. |
| 250 ## - EDITION STATEMENT |
| Edition statement |
First Edition. |
| 260 ## - PUBLICATION, DISTRIBUTION, ETC. |
| Place of publication, distribution, etc. |
Sterling, VA : |
| Name of publisher, distributor, etc. |
Kumarian Press, an imprint of Stylus Publishing, |
| Date of publication, distribution, etc. |
2013. |
| 264 #4 - PRODUCTION, PUBLICATION, DISTRIBUTION, MANUFACTURE, AND COPYRIGHT NOTICE |
| Date of production, publication, distribution, manufacture, or copyright notice |
©2013 |
| 300 ## - PHYSICAL DESCRIPTION |
| Extent |
viii, 280 pages : |
| Other physical details |
illustrations, maps ; |
| Dimensions |
24 cm |
| 336 ## - CONTENT TYPE |
| Content type term |
text |
| Source |
rdacontent |
| 337 ## - MEDIA TYPE |
| Media type term |
unmediated |
| Source |
rdamedia |
| 338 ## - CARRIER TYPE |
| Carrier type term |
volume |
| Source |
rdacarrier |
| 505 0# - FORMATTED CONTENTS NOTE |
| Formatted contents note |
Introduction (Page-1), Part-:. Economic challenges (Page-23), Part-2: Challenges of infrastructural transformation (Page-73), Part-3: Challenges of human security. Part-4: Ongoing challenges of militancy, insecurity and political paths (Page-211). |
| 650 #0 - SUBJECT ADDED ENTRY--TOPICAL TERM |
| Topical term or geographic name entry element |
Economic development |
| Geographic subdivision |
Pakistan. |
| 9 (RLIN) |
81673 |
| 650 #0 - SUBJECT ADDED ENTRY--TOPICAL TERM |
| Topical term or geographic name entry element |
Human security |
| Geographic subdivision |
Pakistan. |
| 9 (RLIN) |
106966 |
| 651 #0 - SUBJECT ADDED ENTRY--GEOGRAPHIC NAME |
| Geographic name |
Pakistan |
| General subdivision |
Politics and government. |
| 700 1# - ADDED ENTRY--PERSONAL NAME |
| Personal name |
Weiss, Anita M., |
| Relator term |
editor of compilation. |
| 9 (RLIN) |
12796 |
| 700 1# - ADDED ENTRY--PERSONAL NAME |
| Personal name |
Khattak, Saba Gul, |
| Relator term |
editor of compilation. |
| 9 (RLIN) |
106967 |
| 942 ## - ADDED ENTRY ELEMENTS (KOHA) |
| Source of classification or shelving scheme |
|
| Koha item type |
Book |
| Call number prefix |
389.5491,DEV |